[Event "KIrov Shakhova Memorial 12th"]
[Site "Kirov"]
[Date "2019.10.05"]
[Round "2"]
[White "Ljashenko, Konstantin"]
[Black "Zimakin, Matvej"]
[Result "1/2-1/2"]
[WhiteElo "2024"]
[BlackElo "1594"]
[PlyCount "86"]
[EventDate "2019.10.05"]
[EventType "tourn"]
[EventRounds "11"]
[EventCountry "RUS"]
[SourceTitle "CBM 193 Extra"]
[Source "ChessBase"]
[SourceDate "2020.01.31"]
[SourceVersion "1"]
[SourceVersionDate "2020.01.31"]
[SourceQuality "1"]

1. e4 c5 2. b3 e6 3. Bb2 Nc6 4. g3 d5 5. exd5 Qxd5 6. Nf3 e5 7. Nc3 Qd8 8. Bg2 Nf6 9. 0-0 Bd6 10. Nb5 Nd4 11. Nxd6+ Qxd6 12. Nxe5 0-0 13. Nc4 Qc7 14. c3 Nc6 15. d4 Rd8 16. d5 Nxd5 17. Bxd5 Be6 18. Ne3 Bxd5 19. Nxd5 Qe5 20. Qg4 Rxd5 21. c4 Qg5 22. Qe4 Rd6 23. Rad1 Re6 24. Rd5 Qe7 25. Qg4 Rg6 26. Qd1 b6 27. Rd7 Qf8 28. Re1 Rd8 29. Rxd8 Nxd8 30. Qd7 Rd6 31. Qxa7 Ne6 32. Be5 Rd2 33. Qxb6 Rxa2 34. Rd1 h6 35. Rd7 Kh7 36. Qb7 Ng5 37. Kg2 Qe8 38. Re7 Qd8 39. Bf4 Ne6 40. Rxf7 Qd4 41. Qd5 Qxf2+ 42. Kh3 Qxh2+ 43. Kg4 Qe2+ 1/2-1/2

[Event "KIrov Arakelian Memorial 7th"]
[Site "Kirov"]
[Date "2017.05.19"]
[Round "8"]
[White "Bessonov, Arsenij"]
[Black "Zimakin, Matvej"]
[Result "1-0"]
[WhiteElo "1485"]
[BlackElo "1547"]
[PlyCount "51"]
[EventDate "2017.05.12"]
[EventType "swiss"]
[EventRounds "9"]
[EventCountry "RUS"]
[SourceTitle "EXT 2018"]
[Source "ChessBase"]
[SourceDate "2017.10.13"]
[SourceVersion "1"]
[SourceVersionDate "2017.10.13"]
[SourceQuality "1"]

1. d4 d5 2. c4 e6 3. Nc3 Nf6 4. Bg5 Nbd7 5. cxd5 exd5 6. Nf3 Bb4 7. e3 h6 8. Bh4 g5 9. Bg3 Ne4 10. Qc2 Nxg3 11. hxg3 b6 12. Bb5 0-0 13. Rxh6 f5 14. Bc6 Kg7 15. Rh5 g4 16. Nh4 Nf6 17. Rg5+ Kh6 18. Rg6+ Kh7 19. Bxa8 Qe7 20. Nxf5 Bxf5 21. Qxf5 Kh8 22. Rh6+ Kg8 23. 0-0-0 Nh7 24. Qg6+ Kh8 25. Rdh1 Rf7 26. Nxd5 1-0

[Event "KIrov Arakelian Memorial 7th"]
[Site "Kirov"]
[Date "2017.05.17"]
[Round "6"]
[White "Chigarev, Vyacheslav"]
[Black "Zimakin, Matvej"]
[Result "1/2-1/2"]
[WhiteElo "1702"]
[BlackElo "1547"]
[PlyCount "87"]
[EventDate "2017.05.12"]
[EventType "swiss"]
[EventRounds "9"]
[EventCountry "RUS"]
[SourceTitle "EXT 2018"]
[Source "ChessBase"]
[SourceDate "2017.10.13"]
[SourceVersion "1"]
[SourceVersionDate "2017.10.13"]
[SourceQuality "1"]

1. e4 c5 2. Nf3 e6 3. d4 cxd4 4. Nxd4 Qc7 5. Nc3 Nf6 6. Bd3 Nc6 7. Ndb5 Qb8 8. Ne2 a6 9. Nbd4 d6 10. c3 Be7 11. 0-0 Bd7 12. f3 e5 13. Nc2 Be6 14. Ne3 0-0 15. Ng3 g6 16. Bc4 Bxc4 17. Nxc4 b5 18. Ne3 Qb6 19. Kh1 Qc5 20. Qe2 Rfd8 21. Rd1 Rd7 22. Nd5 Nxd5 23. Rxd5 Qb6 24. Be3 Qc7 25. Qd2 Rad8 26. Rd1 Bf8 27. Qf2 Rb8 28. a3 Ne7 29. R5d3 Rc8 30. Qd2 Rcd8 31. Nf1 f5 32. Bg5 fxe4 33. fxe4 Qc6 34. Qe2 d5 35. Qd2 d4 36. Ng3 dxc3 37. Rxd7 cxd2 38. Rxd8 Kg7 39. R1xd2 Qc1+ 40. Rd1 Qxg5 41. Rf1 Nf5 42. Rd7+ Ne7 43. Ne2 Kg8 44. Nc3 1/2-1/2

[Event "KIrov Arakelian Memorial 7th"]
[Site "Kirov"]
[Date "2017.05.12"]
[Round "1"]
[White "Kostitsyn, Genrikh"]
[Black "Zimakin, Matvej"]
[Result "1-0"]
[WhiteElo "1859"]
[BlackElo "1547"]
[PlyCount "143"]
[EventDate "2017.05.12"]
[EventType "swiss"]
[EventRounds "9"]
[EventCountry "RUS"]
[SourceTitle "EXT 2018"]
[Source "ChessBase"]
[SourceDate "2017.10.13"]
[SourceVersion "1"]
[SourceVersionDate "2017.10.13"]
[SourceQuality "1"]

1. d4 d5 2. c4 e6 3. Nc3 Nf6 4. Nf3 c5 5. e3 Nc6 6. Be2 Bd6 7. 0-0 0-0 8. a3 b6 9. Qc2 Bb7 10. Nb5 Be7 11. Rd1 Ne4 12. b3 Bf6 13. Bb2 a6 14. Nc3 cxd4 15. Nxe4 dxe4 16. Qxe4 Qe7 17. Qc2 dxe3 18. fxe3 Bxb2 19. Qxb2 Rfd8 20. Qc3 Rxd1+ 21. Bxd1 Rd8 22. b4 b5 23. cxb5 axb5 24. Be2 Rd5 25. e4 Rd8 26. Bxb5 Na7 27. Bd3 Qd6 28. Ne1 Qb6+ 29. Qc5 Qxc5+ 30. bxc5 Rc8 31. Rc1 Nc6 32. Nf3 Ra8 33. Rc3 Ra4 34. Bc2 Ra5 35. Kf2 Kf8 36. Ke3 Ke7 37. Nd4 e5 38. Nf5+ Kf6 39. Nd6 Ba8 40. Bb1 Ke7 41. Nc8+ Kf6 42. Nb6 Bb7 43. Rb3 Ba6 44. a4 Ke7 45. Rc3 Bb7 46. Bc2 Nd4 47. Bd1 g6 48. Nd5+ Ke6 49. Nb4 Kd7 50. Nd5 f5 51. Nf6+ Ke6 52. Nxh7 Bxe4 53. Ng5+ Kd5 54. Nxe4 fxe4 55. c6 Nxc6 56. Bb3+ Kd6 57. Kxe4 Nd4 58. Bd1 Ra7 59. Rg3 Rg7 60. Rg5 Nf5 61. g4 Nh4 62. Rxe5 Rc7 63. Rd5+ Ke6 64. Bb3 Kf6 65. g5+ Kg7 66. a5 Re7+ 67. Kd4 Nf3+ 68. Kc5 Ne5 69. a6 Rc7+ 70. Kb6 Rc6+ 71. Kb7 Rc3 72. Ba4 1-0